| 000 | 00721nam a2200253Ia 4500 | ||
|---|---|---|---|
| 003 | OSt | ||
| 005 | 20221007070658.0 | ||
| 006 | a|||||r|||| 00| 0 | ||
| 007 | ta | ||
| 008 | 221006b |||||||| |||| 00| 0 eng d | ||
| 024 | _a44,109 | ||
| 037 | _cTextual | ||
| 040 |
_aFLL _cFLL _beng |
||
| 041 |
_2eng _aeng |
||
| 082 | _aXM55:Z2, Q7.3-C | ||
| 100 |
_aDutta C.R. _9687576 |
||
| 245 | 0 | _aCompany Law (consolidated table of cases and subject index) | |
| 250 | _a7th | ||
| 260 |
_aGurgaon _bLexisNexis India _c2017 |
||
| 300 |
_alii; i.394p. _ccm. |
||
| 490 | _vconsolidated table of cases and subject index | ||
| 942 |
_hXM55:Z2, Q7.3-C _cTEXL _2CC |
||
| 999 |
_c1141218 _d1141218 |
||